000 00422nam a22001577a 4500
003 LK-CoDNM
005 20240911102157.0
008 240827b |||||||| |||| 00| 0 eng d
040 _aLK-CoDNM
_dLK-CoDNM
_eLK-CoDNM
041 _hEnglish
080 _bGP1954
245 _aParliamentary Series - 1954 - Second parliamentary
_bNo.12
260 _aColombo
_bGoverment press
_c1954
300 _b213p. : 24 cm
942 _cBK
999 _c149290
_d149290